Detalles MARC
| 000 -ENCABEZADO |
| Número de control [NR] |
02742cam a2200505 a 4500 |
| 001 - NÚMERO DE CONTROL |
| control field |
ocm69022622 |
| 005 - FECHA Y HORA DE LA ÚLTIMA TRANSACCIÓN |
| control field |
20180118154104.0 |
| 008 - DE LONGITUD FIJA DE DATOS DE ELEMENTOS - INFORMACIÓN GENERAL |
| Elementos de longitud fija [NR] |
171110s2007 enka b 001 0 eng d |
| 010 ## - NUMERO DE CONTROL DE LA BIBLIOTECA DEL CONGRESO (LC) [NR] |
| Número de control LC [NR] |
2006926876 |
| 015 ## - NUMERO DE BIBLIOGRAFIA NACIONAL [R] |
| Número de bibliografía nacional [R] |
GBA648359 |
| Fuente [NR] |
bnb |
| 015 ## - NUMERO DE BIBLIOGRAFIA NACIONAL [R] |
| Número de bibliografía nacional [R] |
06,N16,0670 |
| Fuente [NR] |
dnb |
| 016 7# - NUMERO DE CONTROL DE AGENCIA BIBLIOGRAFICA NACIONAL [R] |
| Número de control [NR] |
101306114 |
| Fuente [NR] |
DNLM |
| 016 7# - NUMERO DE CONTROL DE AGENCIA BIBLIOGRAFICA NACIONAL [R] |
| Número de control [NR] |
013470575 |
| Fuente [NR] |
Uk |
| 020 ## - NUMERO INTERNACIONAL NORMALIZADO PARA LIBROS [R] |
| Número Internacional Normalizado del libro [NR] |
9781846284625 |
| 020 ## - NUMERO INTERNACIONAL NORMALIZADO PARA LIBROS [R] |
| ISBN Cancelado/ Invalidado [R] |
1846284627 |
| 020 ## - NUMERO INTERNACIONAL NORMALIZADO PARA LIBROS [R] |
| Número Internacional Normalizado del libro [NR] |
9781846285028 |
| 020 ## - NUMERO INTERNACIONAL NORMALIZADO PARA LIBROS [R] |
| ISBN Cancelado/ Invalidado [R] |
184628502X |
| 020 ## - NUMERO INTERNACIONAL NORMALIZADO PARA LIBROS [R] |
| Número Internacional Normalizado del libro [NR] |
9781846289934 |
| 020 ## - NUMERO INTERNACIONAL NORMALIZADO PARA LIBROS [R] |
| ISBN Cancelado/ Invalidado [R] |
1846289939 |
| 028 52 - NUMERO DEL EDITOR [R] |
| Número del editor [NR] |
10981849 |
| 029 0# - OTRO SISTEMA DE NÚMERO DE CONTROL (OCLC) |
| OCLC library identifier |
NLM |
| System control number |
101306114 |
| 029 1# - OTRO SISTEMA DE NÚMERO DE CONTROL (OCLC) |
| OCLC library identifier |
AU@ |
| System control number |
000041558941 |
| 029 1# - OTRO SISTEMA DE NÚMERO DE CONTROL (OCLC) |
| OCLC library identifier |
DEBBG |
| System control number |
BV023336128 |
| 029 1# - OTRO SISTEMA DE NÚMERO DE CONTROL (OCLC) |
| OCLC library identifier |
NZ1 |
| System control number |
10815543 |
| 029 1# - OTRO SISTEMA DE NÚMERO DE CONTROL (OCLC) |
| OCLC library identifier |
OHX |
| System control number |
har060047057 |
| 029 1# - OTRO SISTEMA DE NÚMERO DE CONTROL (OCLC) |
| OCLC library identifier |
YDXCP |
| System control number |
2481704 |
| 035 ## - NUMERO DE CONTROL DEL SISTEMA [R] |
| Número de control del sistema [NR] |
(OCoLC)69022622 |
| 040 ## - FUENTE DE CATALOGACION [NR] |
| Agencia de catalogación original [NR] |
Co-BoUCM |
| Idioma de catalogación [NR] |
spa |
| Quien Cataloga |
Saul Niño |
| Quien Clasifica |
Saul Niño |
| 041 0# - CODIGO DE IDIOMA [R] |
| Código de idioma para texto/pista de sonido o título separado [R] |
Inglés |
| 060 10 - SIGNATURA TOPOGRAFICA DE LA BIBLIOTECA NACIONAL DE MEDICINA (NLM) [R] |
| Número clasificador [R] |
WG 120 |
| 245 00 - MENCION DE TITULO [NR] |
| Título [NR] |
Cardiovascular prevention and rehabilitation |
| Mención de responsabilidad, etc. [NR] |
Joep Perk [and others], editors |
| 260 ## - PUBLICACION, DISTRIBUCION, ETC. (PIE DE IMPRENTA) [R] |
| Lugar de publicación, distribución, etc. [R] |
London |
| Nombre del editor, distribuidor, etc. [R] |
Springer |
| Fecha de publicación, distribución, etc. [R] |
2007 |
| 300 ## - DESCRIPCION FISICA [R] |
| Extensión [R] |
xvii, 517 páginas |
| Otros detalles físicos [NR] |
ilustraciones |
| 505 0# - NOTA DE CONTENIDO CON FORMATO PREESTABLECIDO [R] |
| Nota de contenido con formato preestablecido [NR] |
Introduction / edited by Peter Mathes -- Exercise testing in heart disease / edited by Helmut Gohlke -- Exercise training in heart disease / edited by Helmut Gohlke -- Nutrition / edited by Catherine Monpère -- Tobacco addiction / edited by Irene Hellemans -- Psychological and behavioral support / edited by Hannah McGee -- Social and caring support / edited by Philippe Sellier -- Adapted programs for special groups / edited by Hugo Saner -- Pharmacotherapy, organization, evaluation / edited by Joep Perk. |
| 520 ## - NOTA DE RESUMEN, ETC. [R] |
| Nota de sumario, etc. [NR] |
Provides practical guidance for all cardiologists and other health personnel engaged in the management of cardiac patients. The book follows the concept of "seamless care service", i.e. a streamlined combination of preventive and rehabilitative methods in order both to add years to life and life to years. Each section contains a short summary and tables with practical guidance statements. Furthermore, all sections are formatted as to follow the natural course of cardiovascular disease, starting off with focus on primary preventive care and finishing with the demands on rehabilitation of the patient with advanced disease, thus following the "seamless care" concept. |
| 546 ## - NOTA DE IDIOMA [R] |
| Nota de idioma [NR] |
Texto en inglés |
| 650 #7 - ASIENTO SECUNDARIO DE MATERIA - TERMINO TEMATICO [R] |
| Término temático o nombre geográfico como elemento de entrada [NR] |
Enfermedades cardiovasculares |
| Subdivisión general [R] |
Pacientes |
| 9 (RLIN) |
7564 |
| 650 #7 - ASIENTO SECUNDARIO DE MATERIA - TERMINO TEMATICO [R] |
| Término temático o nombre geográfico como elemento de entrada [NR] |
Enfermedades cardiovasculares |
| Subdivisión general [R] |
Rehabilitación |
| 9 (RLIN) |
7564 |
| 650 #7 - ASIENTO SECUNDARIO DE MATERIA - TERMINO TEMATICO [R] |
| Término temático o nombre geográfico como elemento de entrada [NR] |
Enfermedades cardiovasculares |
| Subdivisión general [R] |
Prevención y control |
| 9 (RLIN) |
14280 |
| 650 #7 - ASIENTO SECUNDARIO DE MATERIA - TERMINO TEMATICO [R] |
| Término temático o nombre geográfico como elemento de entrada [NR] |
Sistema cardiovascular |
| Subdivisión general [R] |
Enfermedades |
| 9 (RLIN) |
24511 |
| 650 12 - ASIENTO SECUNDARIO DE MATERIA - TERMINO TEMATICO [R] |
| Término temático o nombre geográfico como elemento de entrada [NR] |
Cardiovascular Diseases |
| Subdivisión general [R] |
prevention & control. |
| 9 (RLIN) |
88789 |
| 700 1# - ASIENTO SECUNDARIO - NOMBRE PERSONAL [R] |
| Nombre personal [NR] |
Perk, Joep |
| Término de relación [R] |
editor |
| 9 (RLIN) |
88791 |
| 942 ## - ELEMENTOS DE ENTRADA AGREGADOS (KOHA) |
| Sistema de clasificación |
NLM |
| Tema principal |
Medicina |
| Tipo de ítem principal el descrito en 300a |
Libro |
| Edición |
1 |
| Clasificación |
WG 120 |
| Parte restante de la signatura top. |
C267p |
| Título oculto en OPAC |
No |